The Path to Development : investment profile 2000-2004.
| Format: | Book |
|---|---|
| Published: |
[s.l]:
Ministry of Finance & Planning,
[2000].
|
| Subjects: |
| LEADER | 00419cam a2200133 7i4500 | ||
|---|---|---|---|
| 001 | 0000009819 | ||
| 005 | 20010716090000.0 | ||
| 090 | 0 | 0 | |a SRLA 332.6 |b PAT |
| 245 | 0 | 4 | |a The Path to Development : |b investment profile 2000-2004. |
| 260 | 0 | 0 | |a [s.l]: |b Ministry of Finance & Planning, |c [2000]. |
| 300 | # | # | |a 100 p. |
| 650 | 0 | 0 | |a Investments -- |z Sri Lanka |
| 651 | 0 | 0 | |a Sri Lanka |
| 999 | |a 0000011997 |b Book |c Countries |e Business Information Centre | ||